[Event "Wattenscheid - Baden Oos"]
[Site "BL 0203"]
[Date "2002.10.20"]
[Round "2.2"]
[White "Rustemov, Alexander"]
[Black "Krasenkow, Michal"]
[Result "1/2-1/2"]
[WhiteElo "2597"]
[BlackElo "2651"]
[PlyCount "21"]
[EventDate "2002.??.??"]

1. Nf3 Nf6 2. c4 c5 3. Nc3 Nc6 4. d4 cxd4 5. Nxd4 e6 6. a3 Be7 7. e4 O-O 8. Be2
d5 9. exd5 exd5 10. O-O Nxd4 11. Qxd4 1/2-1/2

[Event "Wattenscheid - Baden Oos"]
[Site "BL 0203"]
[Date "2002.10.20"]
[Round "2.5"]
[White "Doettling, Fabian"]
[Black "Handke, Florian"]
[Result "0-1"]
[WhiteElo "2539"]
[BlackElo "2504"]
[PlyCount "74"]
[EventDate "2002.??.??"]

1. d4 Nf6 2. Nf3 e6 3. c4 b6 4. g3 Bb7 5. Bg2 Be7 6. O-O O-O 7. d5 Na6 8. Nd4
exd5 9. Nc3 Re8 10. cxd5 Bb4 11. Ndb5 c6 12. dxc6 dxc6 13. a3 Bf8 14. Qxd8
Rexd8 15. Be3 Ng4 16. Bf4 h6 17. h3 g5 18. hxg4 gxf4 19. gxf4 Nc5 20. b4 Nb3
21. Rad1 Nd2 22. Rfe1 a6 23. Rxd2 Rxd2 24. Ne4 Rdd8 25. Nbc3 Bg7 26. Na4 a5 27.
Nxb6 Ra6 28. Nc4 axb4 29. axb4 Ra4 30. Rb1 Ra2 31. Bf3 Ba6 32. Rc1 Rd4 33. Ncd6
Bxe2 34. Bxe2 Rxe2 35. Rxc6 Rexe4 36. Rc8+ Kh7 37. Nxe4 Rxe4 0-1

[Event "Wattenscheid - Baden Oos"]
[Site "BL 0203"]
[Date "2002.10.20"]
[Round "2.6"]
[White "Holzke, Frank"]
[Black "Schenk, Andreas"]
[Result "1-0"]
[WhiteElo "2479"]
[BlackElo "2479"]
[PlyCount "67"]
[EventDate "2002.??.??"]

1. e4 e6 2. d4 d5 3. Nd2 c5 4. Ngf3 cxd4 5. exd5 Qxd5 6. Bc4 Qd6 7. O-O Nf6 8.
Nb3 Nc6 9. Nbxd4 Nxd4 10. Nxd4 a6 11. Bb3 Qc7 12. Qe2 Bd6 13. h3 O-O 14. Bg5
Be5 15. Rad1 Re8 16. Rfe1 Nd7 17. c3 Bf6 18. Bxf6 Nxf6 19. Nf5 Rf8 20. Nd6 Bd7
21. Qe5 Ne8 22. Re3 Nxd6 23. Rxd6 Rac8 24. Rg3 g6 25. h4 Bb5 26. h5 Qc5 27.
Rxe6 fxe6 28. Bxe6+ Rf7 29. Bxf7+ Kxf7 30. hxg6+ hxg6 31. Rf3+ Kg8 32. Qe6+ Kh7
33. Qf7+ Kh6 34. Rh3+ 1-0

[Event "Wattenscheid - Baden Oos"]
[Site "BL 0203"]
[Date "2002.10.20"]
[Round "2.8"]
[White "Straeter, Timo"]
[Black "Schmaltz, Roland"]
[Result "0-1"]
[WhiteElo "2329"]
[BlackElo "2529"]
[PlyCount "78"]
[EventDate "2002.??.??"]

1. d4 Nf6 2. c4 e6 3. Nf3 b6 4. Nc3 Bb4 5. Qc2 Bb7 6. a3 Bxc3+ 7. Qxc3 Ne4 8.
Qc2 f5 9. g3 O-O 10. Bg2 Nf6 11. O-O Be4 12. Qd2 Qe8 13. b4 d6 14. Bb2 Nbd7 15.
a4 a6 16. Rfc1 Qb8 17. Ne1 Bxg2 18. Nxg2 Qb7 19. c5 Ne4 20. c6 Qb8 21. Qd3 Ndf6
22. Nf4 Qe8 23. d5 Nxd5 24. Nxd5 exd5 25. Qxd5+ Kh8 26. Ra3 Qg6 27. Re3 Rae8
28. Rc4 h6 29. Qd3 Ng5 30. Rxe8 Rxe8 31. Kg2 Qe6 32. Rh4 Kh7 33. Rf4 Ne4 34.
Qxa6 g5 35. Rf3 Nd2 36. Re3 Qd5+ 37. Kg1 Rxe3 38. fxe3 Qb3 39. Qc8 Qd1+ 0-1

[Event "Porz - Bremen"]
[Site "BL 0203"]
[Date "2002.10.20"]
[Round "2.1"]
[White "Hracek, Zbynek"]
[Black "Sokolov, Ivan"]
[Result "1/2-1/2"]
[WhiteElo "2607"]
[BlackElo "2607"]
[PlyCount "62"]
[EventDate "2002.??.??"]

1. e4 e5 2. Nf3 Nc6 3. Bb5 a6 4. Ba4 Nf6 5. O-O Be7 6. Re1 b5 7. Bb3 d6 8. c3
O-O 9. h3 Na5 10. Bc2 c5 11. d4 Qc7 12. Nbd2 cxd4 13. cxd4 Nc6 14. Nb3 a5 15.
Be3 a4 16. Nbd2 Bd7 17. Rc1 Rac8 18. Bd3 Qb8 19. Qe2 Nb4 20. Bb1 Rxc1 21. Rxc1
Rc8 22. Rxc8+ Bxc8 23. Nf1 Bd7 24. Ng3 g6 25. Qd2 Nc6 26. d5 Na7 27. Qb4 Nc8
28. Ne2 Bd8 29. Bd3 Qa8 30. Qc3 Ba5 31. b4 axb3 1/2-1/2

[Event "Porz - Bremen"]
[Site "BL 0203"]
[Date "2002.10.20"]
[Round "2.2"]
[White "Andersson, Ulf"]
[Black "Babula, Vlastimil"]
[Result "1/2-1/2"]
[WhiteElo "2599"]
[BlackElo "2590"]
[PlyCount "30"]
[EventDate "2002.??.??"]

1. Nf3 d5 2. d4 Nf6 3. c4 c6 4. cxd5 cxd5 5. Nc3 Nc6 6. Bf4 Bf5 7. e3 e6 8. Ne5
Nxe5 9. Bxe5 Nd7 10. Bg3 a6 11. Be2 Be7 12. O-O O-O 13. Qb3 Qb6 14. Rfc1 Rac8
15. Bd1 h6 1/2-1/2

[Event "Porz - Bremen"]
[Site "BL 0203"]
[Date "2002.10.20"]
[Round "2.5"]
[White "Gallagher, Mikhail"]
[Black "Hansen, Curt"]
[Result "1/2-1/2"]
[WhiteElo "2540"]
[BlackElo "2610"]
[PlyCount "70"]
[EventDate "2002.??.??"]

1. e4 c5 2. Nf3 e6 3. d4 cxd4 4. Nxd4 Nf6 5. Nc3 d6 6. g4 h6 7. h4 Be7 8. Qf3
Nc6 9. Nxc6 bxc6 10. g5 Nd7 11. gxh6 gxh6 12. Bd2 Bxh4 13. O-O-O Qe7 14. Qf4
Bf6 15. Rxh6 Bb7 16. Rxh8+ Bxh8 17. Qg3 O-O-O 18. Bg5 Bf6 19. Bxf6 Nxf6 20. e5
dxe5 21. Rxd8+ Qxd8 22. Qxe5 Nd7 23. Qg3 Nf6 24. Qg7 Qe7 25. Bd3 Kd7 26. a3 c5
27. Qg3 Qd6 28. Qg5 Qd4 29. Qg7 Ke7 30. Qg3 Qd6 31. Qh4 Bc6 32. Kb1 Qd4 33. Qg3
Qd6 34. Qh4 Qd4 35. Qg3 Qd6 1/2-1/2

[Event "Porz - Bremen"]
[Site "BL 0203"]
[Date "2002.10.20"]
[Round "2.6"]
[White "Graf, Alexander"]
[Black "Joachim, Sven"]
[Result "1-0"]
[WhiteElo "2635"]
[BlackElo "2471"]
[PlyCount "83"]
[EventDate "2002.??.??"]

1. d4 Nf6 2. c4 e6 3. Nf3 b6 4. g3 Ba6 5. b3 Bb4+ 6. Bd2 Be7 7. Bg2 c6 8. Bc3
d5 9. Nbd2 Nbd7 10. O-O O-O 11. Re1 Bb7 12. e4 Nxe4 13. Nxe4 dxe4 14. Rxe4 c5
15. Re1 Bf6 16. Qd2 Qc7 17. Rad1 Rfd8 18. Qe3 cxd4 19. Bxd4 h6 20. Rd2 Rac8 21.
Red1 Kf8 22. h4 Bxf3 23. Bxf3 Ke7 24. Bxf6+ Nxf6 25. Rxd8 Rxd8 26. Rxd8 Kxd8
27. Qd4+ Ke7 28. b4 g5 29. c5 Nd7 30. cxb6 Qxb6 31. Qc3 gxh4 32. gxh4 Qd6 33.
a4 Ne5 34. b5 Qd4 35. Qa3+ Kf6 36. a5 Kg7 37. Be2 Ng6 38. b6 axb6 39. a6 Nf4
40. Bf1 Nd5 41. Qg3+ Kf6 42. a7 1-0

[Event "Porz - Bremen"]
[Site "BL 0203"]
[Date "2002.10.20"]
[Round "2.7"]
[White "Meins, Gerlef"]
[Black "Van den Doel, Erik"]
[Result "1/2-1/2"]
[WhiteElo "2436"]
[BlackElo "2594"]
[PlyCount "163"]
[EventDate "2002.??.??"]

1. d4 Nf6 2. c4 e6 3. g3 d5 4. Bg2 c6 5. Nf3 Bd6 6. Nbd2 O-O 7. O-O Nbd7 8. b3
e5 9. cxd5 e4 10. dxc6 exf3 11. Bxf3 bxc6 12. Bxc6 Rb8 13. Nc4 Qc7 14. Bg2 Bb7
15. f3 Rbd8 16. Nxd6 Qxd6 17. e4 Qb4 18. Qd2 Qb6 19. Qf2 a5 20. Be3 Ne8 21. Bh3
Nd6 22. d5 Qa6 23. Bd4 Rfe8 24. Qb2 f6 25. Be6+ Kh8 26. Rac1 Nb5 27. Be3 Ne5
28. a4 Nd6 29. Rc7 Bc8 30. Qc2 Bxe6 31. dxe6 Rxe6 32. Ra7 Qc6 33. Qxc6 Nxc6 34.
Ra6 Rc8 35. Rc1 Nb7 36. Bb6 Kg8 37. Bxa5 Nbxa5 38. Rxa5 Rb8 39. Rac5 Nd4 40.
Rc8+ Re8 41. Rxe8+ Rxe8 42. Kf2 Nxb3 43. Rc3 Rb8 44. h4 Rb4 45. g4 Na5 46. Ra3
Kf7 47. Kg3 h6 48. h5 Ke6 49. Ra2 Rc4 50. Ra3 Kf7 51. Ra2 Rc3 52. Ra1 Ke7 53.
Ra2 Kd7 54. Rd2+ Kc7 55. Kf4 Nc4 56. Rf2 Nd6 57. Ra2 Kd7 58. a5 Rc7 59. a6 Ra7
60. e5 fxe5+ 61. Kxe5 Ke7 62. Kd5 Kd7 63. Ke5 Ra8 64. a7 Ke7 65. Ra6 Nc8 66.
Re6+ Kf8 67. Kf4 Ne7 68. Ra6 Kg8 69. g5 Nd5+ 70. Kg4 Nc7 71. Rc6 Rxa7 72. gxh6
gxh6 73. Rxh6 Ra4+ 74. Kg3 Ne8 75. Rg6+ Kf7 76. Rg4 Ra6 77. Rg5 Ng7 78. Kg4
Ra4+ 79. f4 Ne6 80. Rf5+ Kg7 81. Kg3 Ra3+ 82. Kg4 1/2-1/2

[Event "Porz - Bremen"]
[Site "BL 0203"]
[Date "2002.10.20"]
[Round "2.8"]
[White "Kengis, Edwin"]
[Black "Heissler, Jacob"]
[Result "1/2-1/2"]
[WhiteElo "2570"]
[BlackElo "2455"]
[PlyCount "101"]
[EventDate "2002.??.??"]

1. Nf3 Nf6 2. c4 d6 3. d4 g6 4. g3 Bg7 5. Bg2 O-O 6. O-O Nbd7 7. Nc3 e5 8. e3
Re8 9. a4 a5 10. b3 c6 11. Ba3 exd4 12. exd4 d5 13. cxd5 Nxd5 14. Nxd5 cxd5 15.
Re1 Nf6 16. Rxe8+ Nxe8 17. Ne5 Be6 18. Qd3 Rc8 19. Re1 Nd6 20. h4 Ne4 21. Bxe4
dxe4 22. Qxe4 Qd5 23. Qxd5 Bxd5 24. Re3 Bf8 25. Nd7 Bxa3 26. Nf6+ Kg7 27. Nxd5
Rd8 28. Nb6 Rxd4 29. Nc4 Bc5 30. Rf3 b6 31. Kf1 f5 32. Ke2 Kf6 33. Rc3 Re4+ 34.
Kf3 Re6 35. Rd3 h6 36. Rd5 g5 37. hxg5+ hxg5 38. Ne3 Re5 39. Rxe5 Kxe5 40. Nc2
g4+ 41. Ke2 Ke4 42. Ne3 Kd4 43. Nd1 Bf8 44. f3 gxf3+ 45. Kxf3 Kd3 46. Ne3 Kc3
47. Nd5+ Kxb3 48. Nxb6 Bc5 49. Nd7 Bd4 50. Nb8 Kxa4 51. Nc6 1/2-1/2

[Event "Godesberg - Emsdetten"]
[Site "BL 0203"]
[Date "2002.10.20"]
[Round "2.1"]
[White "Nielsen, Peter-Heine"]
[Black "Breder, Dennis"]
[Result "1/2-1/2"]
[WhiteElo "2620"]
[BlackElo "2440"]
[PlyCount "56"]
[EventDate "2002.??.??"]

1. d4 Nf6 2. c4 e6 3. Nf3 b6 4. g3 Bb4+ 5. Bd2 Be7 6. Bg2 c6 7. O-O d5 8. Qc2
O-O 9. Rd1 Nbd7 10. b3 Bb7 11. Nc3 Rc8 12. e4 c5 13. exd5 exd5 14. Bf4 Re8 15.
dxc5 Bxc5 16. Ng5 h6 17. Nh3 g5 18. Bc1 Qc7 19. Bb2 dxc4 20. Nb5 Qb8 21. Qf5
Re6 22. Bxb7 Qxb7 23. bxc4 Rce8 24. Nc3 Bd4 25. Nxg5 hxg5 26. Qxg5+ Kf8 27.
Qh6+ Kg8 28. Qg5+ Kf8 1/2-1/2

[Event "Godesberg - Emsdetten"]
[Site "BL 0203"]
[Date "2002.10.20"]
[Round "2.2"]
[White "Sprenger, Jan-Michael"]
[Black "Tiviakov, Sergei"]
[Result "1/2-1/2"]
[WhiteElo "2430"]
[BlackElo "2631"]
[PlyCount "48"]
[EventDate "2002.??.??"]

1. d4 Nf6 2. c4 e6 3. g3 d5 4. Bg2 Bb4+ 5. Bd2 Be7 6. Nf3 O-O 7. O-O c6 8. Qc2
b6 9. Bf4 Bb7 10. Rd1 Nbd7 11. Nc3 Nh5 12. Bd2 f5 13. cxd5 cxd5 14. Rac1 a6 15.
Ne1 Rc8 16. Nd3 Nhf6 17. Qb3 Bd6 18. Bf4 Qe7 19. Bxd6 Qxd6 20. Rc2 Rc4 21. Ne5
Rc7 22. f4 Rfc8 23. Rdc1 b5 24. Nd1 Rxc2 1/2-1/2

[Event "Godesberg - Emsdetten"]
[Site "BL 0203"]
[Date "2002.10.20"]
[Round "2.3"]
[White "Berelovich, Alexander"]
[Black "Langheinrich, Ferenc"]
[Result "1-0"]
[WhiteElo "2430"]
[BlackElo "2631"]
[PlyCount "115"]
[EventDate "2002.??.??"]

1. e4 c5 2. Nf3 d6 3. d4 cxd4 4. Nxd4 Nf6 5. Nc3 Nc6 6. Bg5 e6 7. Qd2 a6 8.
O-O-O Bd7 9. f4 h6 10. Bxf6 Qxf6 11. Nb3 Qd8 12. h4 h5 13. Kb1 Be7 14. g3 Rc8
15. Bh3 b5 16. f5 Ne5 17. fxe6 fxe6 18. Nd4 Nc4 19. Qd3 Qa5 20. Nce2 Rh6 21.
Nf4 Qb4 22. Qb3 Nd2+ 23. Rxd2 Qxd2 24. Ndxe6 Bf6 25. Nc7+ Kd8 26. Nce6+ Ke8 27.
Nxg7+ Bxg7 28. Bxd7+ Kxd7 29. Qf7+ Kd8 30. Qg8+ Kc7 31. Qxg7+ Kb8 32. Rc1 Rhh8
33. a3 Rhg8 34. Qf6 Rgf8 35. Qg6 Rg8 36. Qf6 Rgf8 37. Qh6 Rh8 38. Qg5 Rhg8 39.
Qe7 Rge8 40. Qh7 Qd4 41. Qxh5 Rxe4 42. Qg6 Ree8 43. h5 Rg8 44. Qe6 Rge8 45. Qd7
Red8 46. Qh3 Qf6 47. Qg2 Rg8 48. Qg1 Kb7 49. Nd5 Qd8 50. h6 Rh8 51. Re1 Rh7 52.
g4 Rc5 53. Qh1 Ka7 54. b4 Rxd5 55. Qxd5 Rxh6 56. g5 Rh3 57. Qf7+ Kb6 58. Qf2+
1-0

[Event "Godesberg - Emsdetten"]
[Site "BL 0203"]
[Date "2002.10.20"]
[Round "2.4"]
[White "Seger, Ruediger"]
[Black "Pedersen, Nicolai Vesterbaek"]
[Result "0-1"]
[WhiteElo "2406"]
[BlackElo "2495"]
[PlyCount "110"]
[EventDate "2002.??.??"]

1. e4 e5 2. Nf3 Nf6 3. Nc3 Nc6 4. d4 exd4 5. Nxd4 Bb4 6. Nxc6 bxc6 7. Bd3 d5 8.
exd5 Qe7+ 9. Qe2 Qxe2+ 10. Kxe2 cxd5 11. Bb5+ Bd7 12. Bxd7+ Kxd7 13. Rd1 Rhe8+
14. Kf3 c6 15. Na4 Re4 16. h3 Kc7 17. Bf4+ Kb7 18. b3 Rae8 19. g3 h5 20. c3 Bf8
21. Rac1 Re2 22. Rd2 Rxd2 23. Bxd2 Ne4 24. Be3 c5 25. g4 Kc6 26. Rd1 Re6 27.
Kg2 g6 28. gxh5 gxh5 29. Kf3 Bd6 30. Rg1 Be5 31. Rc1 Rf6+ 32. Ke2 Bf4 33. Rc2
Bxe3 34. Kxe3 Ng5 35. h4 Nf3 36. b4 c4 37. Nc5 Nxh4 38. a4 Nf5+ 39. Kd2 Nd6 40.
Ke3 Nf5+ 41. Kd2 h4 42. Rc1 Nh6 43. Ke2 Ng4 44. f3 Ne5 45. Rh1 Ng6 46. Na6 Re6+
47. Kf2 Kb6 48. b5 Nf4 49. Rxh4 Ne2 50. Rh7 Nxc3 51. Rxf7 d4 52. Rd7 d3 53. Nb4
Nxa4 54. Nc6 Nc5 55. Rd8 c3 0-1

[Event "Godesberg - Emsdetten"]
[Site "BL 0203"]
[Date "2002.10.20"]
[Round "2.5"]
[White "Olsen, Boe Mads"]
[Black "Jackelen, Thomas"]
[Result "0-1"]
[WhiteElo "2372"]
[BlackElo "2415"]
[PlyCount "90"]
[EventDate "2002.??.??"]

1. d4 e6 2. Nf3 Nf6 3. Bg5 c5 4. c3 cxd4 5. cxd4 Qb6 6. Qc2 Nc6 7. Bxf6 gxf6 8.
e3 d5 9. Nc3 Bd7 10. Be2 Rc8 11. O-O Be7 12. Rfc1 O-O 13. Nd2 Na5 14. Rab1 a6
15. Qd1 Qd8 16. b4 Nc4 17. Nxc4 dxc4 18. d5 f5 19. Bf3 b5 20. e4 Qc7 21. exf5
exf5 22. Qd2 Qd6 23. Ne2 Bf6 24. Ng3 Kh8 25. Qc2 Qe5 26. Nh5 Rfe8 27. g3 Qd6
28. Kf1 Be5 29. Re1 Kg8 30. Re2 Bd4 31. Rd2 Bh8 32. a3 Re5 33. Rdd1 Rce8 34.
Qd2 h6 35. Kg2 Kh7 36. Kf1 R5e7 37. Kg2 c3 38. Qd3 Rc8 39. Rbc1 Rc4 40. Qc2 Kg8
41. Rd3 f4 42. Qb3 Qe5 43. d6 Re8 44. Qd1 Qf5 45. Kg1 c2 0-1

[Event "Godesberg - Emsdetten"]
[Site "BL 0203"]
[Date "2002.10.20"]
[Round "2.6"]
[White "Heinbuch, Detlef"]
[Black "Zumsande, Martin"]
[Result "1/2-1/2"]
[WhiteElo "2365"]
[BlackElo "2374"]
[PlyCount "76"]
[EventDate "2002.??.??"]

1. d4 e6 2. c4 d5 3. Nc3 Be7 4. Nf3 Nf6 5. Bg5 h6 6. Bxf6 Bxf6 7. e3 O-O 8.
cxd5 exd5 9. Qc2 Be6 10. Be2 c5 11. dxc5 Qa5 12. O-O Qxc5 13. Rac1 Qe7 14. Rfd1
Nc6 15. Qd2 Rfd8 16. Nb5 d4 17. Nbxd4 Nxd4 18. Nxd4 Bxd4 19. exd4 Bxa2 20. Bc4
Bxc4 21. Rxc4 Rd5 22. Qc3 Rad8 23. Rc8 Rxc8 24. Qxc8+ Kh7 25. Qc2+ g6 26. g3 a5
27. h4 h5 28. Kf1 Qe6 29. Kg1 b5 30. b3 Qg4 31. Qd3 a4 32. bxa4 bxa4 33. Rd2
Qd7 34. Qc4 a3 35. Qb3 Qe6 36. Ra2 Qe1+ 37. Kg2 Qe4+ 38. f3 Qxd4 1/2-1/2

[Event "Godesberg - Emsdetten"]
[Site "BL 0203"]
[Date "2002.10.20"]
[Round "2.7"]
[White "Richter, Christian"]
[Black "Schmidt, Bodo"]
[Result "1/2-1/2"]
[WhiteElo "2333"]
[BlackElo "2360"]
[PlyCount "56"]
[EventDate "2002.??.??"]

1. d4 d5 2. c4 c6 3. Nf3 Nf6 4. Nc3 a6 5. Ne5 Nbd7 6. Nxd7 Bxd7 7. Qb3 e6 8.
cxd5 Nxd5 9. e4 Nxc3 10. bxc3 b5 11. Be2 Be7 12. O-O c5 13. Bf3 Qc7 14. Rd1 O-O
15. Be3 Rfd8 16. Rd2 Rac8 17. Rad1 cxd4 18. cxd4 a5 19. d5 a4 20. Qd3 exd5 21.
exd5 Bd6 22. g3 b4 23. Bd4 Re8 24. Kg2 Qc4 25. Be4 g6 26. Qf3 f5 27. Bb1 Re7
28. h4 h5 1/2-1/2

[Event "Godesberg - Emsdetten"]
[Site "BL 0203"]
[Date "2002.10.20"]
[Round "2.8"]
[White "Upleger, Martin"]
[Black "Pedersen, Daniel Vesterbaek"]
[Result "1/2-1/2"]
[WhiteElo "2333"]
[BlackElo "2360"]
[PlyCount "93"]
[EventDate "2002.??.??"]

1. e4 e5 2. Nf3 Nc6 3. d4 exd4 4. Nxd4 Nf6 5. Nc3 Bb4 6. Nxc6 bxc6 7. Bd3 d5 8.
exd5 Qe7+ 9. Qe2 Qxe2+ 10. Kxe2 cxd5 11. Bb5+ Bd7 12. Bxd7+ Kxd7 13. Rd1 Rhe8+
14. Kf3 c6 15. Ne2 Bd6 16. Be3 Rab8 17. b3 c5 18. Bg5 Re5 19. Bf4 Re7 20. Bg5
Kc6 21. Bxf6 gxf6 22. Rd2 Rbe8 23. Rad1 Bc7 24. Nf4 d4 25. a3 Re1 26. Rxe1 Rxe1
27. Nd3 Ra1 28. a4 Ra2 29. Re2 Bd6 30. Ke4 a5 31. f4 f5+ 32. Kxf5 c4 33. bxc4
Rxa4 34. Kf6 Rxc4 35. Kxf7 a4 36. Ne5+ Kd5 37. Nxc4 Kxc4 38. f5 a3 39. Re1 Bb4
40. Ra1 Kc3 41. Ra2 Kd2 42. f6 Kc1 43. Ke6 Kb1 44. Rxa3 Bxa3 45. Kd5 Kxc2 46.
Kxd4 Bb2+ 47. Ke4 1/2-1/2

[Event "Luebeck - Tegernsee"]
[Site "BL 0203"]
[Date "2002.10.20"]
[Round "2.1"]
[White "Khenkin, Igor"]
[Black "Adams, Michael"]
[Result "0-1"]
[WhiteElo "2603"]
[BlackElo "2745"]
[PlyCount "120"]
[EventDate "2002.??.??"]

1. d4 Nf6 2. c4 e6 3. Nf3 b6 4. a3 Ba6 5. Qc2 Bb7 6. Nc3 c5 7. e4 cxd4 8. Nxd4
Bc5 9. Nb3 Nc6 10. Bg5 h6 11. Bh4 Nd4 12. Nxd4 Bxd4 13. Bd3 Qb8 14. Bg3 Be5 15.
O-O-O O-O 16. Kb1 d6 17. Bxe5 dxe5 18. Qe2 Rd8 19. Qe3 Rd4 20. f3 Ba6 21. b3
Qc7 22. Kb2 Rad8 23. Ne2 R4d7 24. Bc2 b5 25. c5 b4 26. axb4 Rb8 27. Bd3 Bxd3
28. Rxd3 Rxb4 29. Rc1 Qc6 30. Rd6 Rxd6 31. cxd6 Qxd6 32. Qxa7 Nd7 33. Qc7 Qd3
34. Qc2 Nc5 35. Qxd3 Nxd3+ 36. Kc3 Nxc1 37. Nxc1 Rb8 38. Nd3 Rc8+ 39. Kd2 f6
40. g4 g5 41. b4 Kf7 42. Nc5 Ke7 43. Kc3 h5 44. gxh5 Rh8 45. b5 Kd6 46. Nb7+
Kc7 47. Nc5 Rxh5 48. Nxe6+ Kb6 49. Kc4 Rh3 50. Nc5 Rxf3 51. Na4+ Kb7 52. Kd5
Rf2 53. h3 Rf3 54. Ke6 Rxh3 55. Nc5+ Kc8 56. Kxf6 g4 57. Ne6 g3 58. Ng5 Rh1 59.
Kxe5 g2 60. Nf3 Rf1 0-1

[Event "Luebeck - Tegernsee"]
[Site "BL 0203"]
[Date "2002.10.20"]
[Round "2.2"]
[White "Fressinet, Laurent"]
[Black "Sokolov, Andrei"]
[Result "1-0"]
[WhiteElo "2619"]
[BlackElo "2587"]
[PlyCount "93"]
[EventDate "2002.??.??"]

1. e4 c5 2. Nf3 e6 3. d4 cxd4 4. Nxd4 Nf6 5. Nc3 d6 6. g4 h6 7. h3 Nc6 8. Be3
Be7 9. Bg2 Bd7 10. f4 Qa5 11. Nb3 Qc7 12. Qe2 Rc8 13. O-O O-O 14. Rad1 Na5 15.
e5 dxe5 16. g5 Nh7 17. Nxa5 exf4 18. Bxf4 Qxa5 19. Rxd7 hxg5 20. Be3 Rc7 21.
Rfd1 Nf6 22. Rxc7 Qxc7 23. Qf3 Bc5 24. Bxc5 Qxc5+ 25. Kh1 b6 26. Rf1 Qb4 27. b3
g4 28. hxg4 Qxg4 29. Qxg4 Nxg4 30. Nb5 a5 31. Re1 Rc8 32. c4 Rc5 33. Bf3 Nf6
34. Rd1 g5 35. Nc3 g4 36. Bg2 Re5 37. Kg1 Nh5 38. Bf1 f5 39. Na4 f4 40. Nxb6 f3
41. Nd7 Re3 42. c5 g3 43. c6 f2+ 44. Kh1 Nf4 45. c7 Rc3 46. Rd4 g2+ 47. Bxg2
1-0

[Event "Luebeck - Tegernsee"]
[Site "BL 0203"]
[Date "2002.10.20"]
[Round "2.4"]
[White "Hodgson, Julian M"]
[Black "Boensch, Uwe"]
[Result "1/2-1/2"]
[WhiteElo "2608"]
[BlackElo "2540"]
[PlyCount "93"]
[EventDate "2002.??.??"]

1. d4 d5 2. Bg5 h6 3. Bh4 c6 4. Nf3 Qb6 5. Qc1 Bf5 6. c4 e6 7. Nc3 Be7 8. Bg3
Nf6 9. c5 Qd8 10. e3 O-O 11. h3 b6 12. b4 a5 13. a3 Qc8 14. Be2 Nbd7 15. O-O
Qb7 16. Qd2 Rfc8 17. Rfc1 Bd8 18. Ne5 Nxe5 19. Bxe5 axb4 20. axb4 bxc5 21. bxc5
Ne4 22. Nxe4 Bxe4 23. Bd3 Bxd3 24. Qxd3 Bc7 25. Rab1 Qa7 26. Bxc7 Qxc7 27. Rb6
e5 28. Qf5 exd4 29. exd4 Re8 30. Rcb1 Re4 31. g3 Qc8 32. Qxc8+ Rxc8 33. Rb8
Rxb8 34. Rxb8+ Kh7 35. Rb4 g5 36. f3 Re6 37. Kf2 Kg6 38. Rb7 h5 39. h4 g4 40.
fxg4 hxg4 41. Rd7 Re4 42. Rd6+ Kf5 43. Rxc6 Rxd4 44. Rc8 Rc4 45. Ke3 Ke5 46. h5
Kf5 47. Rg8 1/2-1/2

[Event "Luebeck - Tegernsee"]
[Site "BL 0203"]
[Date "2002.10.20"]
[Round "2.7"]
[White "Stangl, Markus"]
[Black "Hector, Jonny"]
[Result "1/2-1/2"]
[WhiteElo "2494"]
[BlackElo "2590"]
[PlyCount "116"]
[EventDate "2002.??.??"]

1. d4 d5 2. c4 c6 3. e3 Bf5 4. cxd5 cxd5 5. Qb3 Qc7 6. Bb5+ Nd7 7. Bd2 e6 8.
Nf3 Bd6 9. O-O Ne7 10. Bb4 O-O 11. Nbd2 Rfc8 12. Rac1 Nc6 13. Bxd6 Qxd6 14. Rc3
Nb6 15. Rfc1 Ne7 16. Rc5 Qd8 17. h3 Rxc5 18. Rxc5 Rc8 19. a4 a6 20. Be2 Nd7 21.
Rc3 Rxc3 22. Qxc3 Qb6 23. Qa3 Nc6 24. Qd6 Nf8 25. b3 h6 26. Kh2 Bc2 27. Qa3 Qb4
28. Qxb4 Nxb4 29. Kg1 Nd7 30. Ne1 Bh7 31. f3 Nb8 32. Kf2 N8c6 33. Bd1 Kf8 34.
Ke2 Ke7 35. Nf1 f6 36. Kd2 e5 37. Kc3 Kd6 38. Ng3 g5 39. Be2 Bg6 40. Bd3 Nxd3
41. Nxd3 a5 42. Ne2 e4 43. Nf2 exf3 44. gxf3 Bh5 45. Ng4 f5 46. Nh2 Nd8 47. Kd3
Ne6 48. Nc3 Bg6 49. Nb5+ Kc6 50. Ke2 h5 51. f4 h4 52. Nf3 Bh5 53. Kf2 Bxf3 54.
Kxf3 b6 55. Na7+ Kb7 56. Nb5 Kc6 57. Na7+ Kc7 58. Nb5+ Kc6 1/2-1/2

[Event "Luebeck - Tegernsee"]
[Site "BL 0203"]
[Date "2002.10.20"]
[Round "2.8"]
[White "DeFirmian, Nick E"]
[Black "Kachiani-Gersinska, K."]
[Result "1-0"]
[WhiteElo "2534"]
[BlackElo "2439"]
[PlyCount "113"]
[EventDate "2002.??.??"]

1. e4 c6 2. d4 d5 3. Nc3 dxe4 4. Nxe4 Bf5 5. Ng3 Bg6 6. h4 h6 7. Nf3 Nd7 8. h5
Bh7 9. Bd3 Bxd3 10. Qxd3 e6 11. Bf4 Ngf6 12. O-O-O Be7 13. Ne5 O-O 14. Qe2 Re8
15. Kb1 Qa5 16. Nxd7 Nxd7 17. Ne4 Rad8 18. Nd6 Qc7 19. Nxf7 Qxf4 20. Nxd8 Bxd8
21. Rh3 Nf6 22. Re3 Qg4 23. f3 Qxh5 24. Rxe6 Qf7 25. d5 cxd5 26. Rxe8+ Nxe8 27.
c4 d4 28. Rxd4 Bf6 29. Rd2 Nc7 30. Qe4 Ne6 31. Qd5 Kh7 32. a3 Qg6+ 33. Ka2 Bg5
34. Rd1 b6 35. Qd3 Bf6 36. Qxg6+ Kxg6 37. Rd7 Nf4 38. g4 Kg5 39. b4 Ne6 40.
Rxa7 Kf4 41. Ra6 Bd4 42. c5 Nxc5 43. bxc5 Bxc5 44. Ra7 g6 45. Rg7 h5 46. Rxg6
h4 47. Rh6 Be7 48. Rh7 Bd8 49. Rh5 Be7 50. a4 Kxf3 51. g5 Kg4 52. g6 Kxh5 53.
g7 h3 54. g8=Q Bg5 55. Qe6 Kh4 56. Qxb6 h2 57. Qf2+ 1-0

[Event "Hamburg - Forchheim"]
[Site "BL 0203"]
[Date "2002.10.20"]
[Round "2.2"]
[White "Kempinski, Robert"]
[Black "Jansa, Vlastimil"]
[Result "1-0"]
[WhiteElo "2532"]
[BlackElo "2500"]
[PlyCount "74"]
[EventDate "2002.??.??"]

1. d4 Nf6 2. c4 g6 3. g3 Bg7 4. Bg2 d5 5. cxd5 Nxd5 6. e4 Nb6 7. Ne2 Bg4 8.
Nbc3 O-O 9. h3 Bxe2 10. Nxe2 e5 11. d5 c6 12. O-O cxd5 13. exd5 Nc4 14. Qb3 Nd6
15. Be3 Nd7 16. Rac1 Qa5 17. Nc3 f5 18. Bd2 Qb6 19. Qxb6 axb6 20. Rc2 Rfc8 21.
Rfc1 Rc7 22. Bf1 Rac8 23. Rd1 Kf7 24. Rcc1 e4 25. Nb5 Nxb5 26. Bxb5 Rxc1 27.
Bxc1 Ke8 28. Be3 Rc2 29. a4 Kd8 30. b3 Bf6 31. d6 Rc3 32. Bc4 Kc8 33. g4 Be5
34. gxf5 gxf5 35. Be6 f4 36. Bxb6 Rc6 37. Bc7 Rc3 1-0

[Event "Hamburg - Forchheim"]
[Site "BL 0203"]
[Date "2002.10.20"]
[Round "2.3"]
[White "Jirovsky, Milos"]
[Black "Gustafsson, Jan"]
[Result "1/2-1/2"]
[WhiteElo "2457"]
[BlackElo "2554"]
[PlyCount "45"]
[EventDate "2002.??.??"]

1. Nf3 Nf6 2. c4 e6 3. g3 d5 4. Bg2 dxc4 5. Qa4+ c6 6. Qxc4 b5 7. Qc2 Bb7 8.
O-O Nbd7 9. a4 a6 10. d4 c5 11. Bg5 Qb6 12. Bxf6 Nxf6 13. axb5 axb5 14. Rxa8+
Bxa8 15. dxc5 Bxc5 16. Ne5 Bxg2 17. Kxg2 O-O 18. Nd2 Bd6 19. Nc6 Nd7 20. Nf3
Nc5 21. Nb4 h6 22. Rc1 Rd8 23. Rd1 1/2-1/2

[Event "Hamburg - Forchheim"]
[Site "BL 0203"]
[Date "2002.10.20"]
[Round "2.4"]
[White "Berg, Emanuel"]
[Black "Heidrich, Manfred"]
[Result "1-0"]
[WhiteElo "2535"]
[BlackElo "2415"]
[PlyCount "119"]
[EventDate "2002.??.??"]

1. e4 c5 2. Nf3 Nc6 3. d4 cxd4 4. Nxd4 e5 5. Nb5 a6 6. Nd6+ Bxd6 7. Qxd6 Qf6 8.
Qc7 Nge7 9. Nc3 Nb4 10. Bd3 d5 11. O-O d4 12. Na4 Qc6 13. Qxc6+ Nexc6 14. Nb6
Rb8 15. Bd2 Be6 16. a3 Nxd3 17. cxd3 O-O 18. a4 f6 19. Rfc1 Rf7 20. f3 Re8 21.
Rc5 Nb8 22. Rac1 Nd7 23. Rc8 Rff8 24. Rxe8 Rxe8 25. Nc8 Nb8 26. Nd6 Re7 27. Nc8
Re8 28. Nd6 Re7 29. Bb4 Nc6 30. Ba3 Bb3 31. Nc8 Rd7 32. Nb6 Rd8 33. Kf2 Kf7 34.
Ke2 Ke6 35. Bc5 Nb8 36. Bb4 Nc6 37. Bc5 Nb8 38. Ba3 Nc6 39. h4 h5 40. Bc5 Kf7
41. Ba3 Ke6 42. Rc5 g6 43. g3 Rg8 44. f4 Rg7 45. Kd2 Rf7 46. Rd5 Rc7 47. Rd6+
Kf7 48. Nd5 Bxd5 49. exd5 Na5 50. fxe5 Nb3+ 51. Ke1 fxe5 52. Rd8 Rc1+ 53. Kf2
Rc2+ 54. Kg1 Nc5 55. Rc8 b6 56. b4 e4 57. bxc5 exd3 58. c6 d2 59. Rf8+ Kg7 60.
Rf1 1-0